| 000 | 00700nam a22002297a 4500 | ||
|---|---|---|---|
| 999 |
_c195 _d195 |
||
| 003 | AR-CdUCM | ||
| 008 | 190222b ||||| |||| 00| 0 spa d | ||
| 040 |
_aMUNICIPALIDAD PROVINCIAL DEL CUSCO _cBIBLIOTECA MUNICIPAL DEL CUSCO |
||
| 082 |
_a274.076 / _bG22 |
||
| 100 |
_aGamow, G. _9879 |
||
| 245 | _aLos hechos de la vida / | ||
| 260 |
_aMéxico _bFondo de la cultura _c1959 |
||
| 300 |
_a119 paginas : _c17 cm. |
||
| 505 | _aPor el torrente circulatorio -- Cosas de genes -- Materia gris -- Que es la vida. | ||
| 650 |
_aTorrente _9880 |
||
| 650 |
_aBiología _9881 |
||
| 650 |
_aGenes _9882 |
||
| 650 |
_aMateria _9883 |
||
| 650 |
_aVida _9884 |
||
| 942 |
_2ddc _cLIBROS |
||
| 945 |
_arum _d2019-02-22 |
||